مكتبة جامعة عجلون الوطنية

فهرس بحث المكتبة

Normal view MARC view
  • تاليف الجبالي، خالد حسن حمد

Entry Personal Name

Number of records used in: 1

001 - CONTROL NUMBER

  • control field: 61454

003 - CONTROL NUMBER IDENTIFIER

  • control field: JO-AjAnu

005 - DATE AND TIME OF LATEST TRANSACTION

  • control field: 20230606084037.0

008 - FIXED-LENGTH DATA ELEMENTS

  • fixed length control field: 230606|| aca||aabn | a|a d

040 ## - CATALOGING SOURCE

  • Original cataloging agency: JO-AjAnu
  • Transcribing agency: JO-AjAnu

100 ## - HEADING--PERSONAL NAME

  • Personal name: تاليف الجبالي، خالد حسن حمد

670 ## - SOURCE DATA FOUND

  • Source citation: Work cat.: (JO-AjAnu)31347: تاليف الجبالي، خالد حسن حمد, author, الزواج المختلط بين المسلمين والاسبان من الفتح الاسلامي للاندلس وحتى سقوط الخلافة (93-422هـ)